书目信息 |
| 题名: |
平民大律师
|
|
| 作者: | 邱苏滨 著 | |
| 分册: | ||
| 出版信息: | 长春 时代文艺出版社 2018 |
|
| 页数: | 290页 | |
| 开本: | 24cm | |
| 丛书名: | ||
| 单 册: | ||
| 中图分类: | I253.1 , K825.19=76 | |
| 科图分类: | ||
| 主题词: | 报告文学--bao gao wen xue--中国--当代 , 律师--lv shi--生平事迹--中国--现代 | |
| 电子资源: | ||
| ISBN: | 978-7-5387-5531-2 | |
| 000 | 01020nam0 2200277 450 | |
| 001 | 012001008377 | |
| 005 | 20130122162038.0 | |
| 010 | @a978-7-5387-5531-2@dCNY48.00 | |
| 099 | @aCAL 012018062633 | |
| 100 | @a20180524d2018 em y0chiy50 ea | |
| 101 | 0 | @achi |
| 102 | @aCN@b220000 | |
| 105 | @aac z 000zd | |
| 106 | @ar | |
| 200 | 1 | @a平民大律师@Aping min da lv shi@f邱苏滨著 |
| 210 | @a长春@c时代文艺出版社@d2018 | |
| 215 | @a290页@c图, 肖像@d24cm | |
| 314 | @a邱苏滨, 女, 中国作家协会会员, 中国戏剧家协会会员。现为吉林省作家协会副主席, 吉林市作家协会主席。 | |
| 330 | @a本书以中国好人、第五届全国道德模范申报者修保为主人公, 着力于挖掘主人公的精神品质, 打破写先进典型的传统套路, 用一个又一个生动而感人的生活细节, 塑造真实的主人公形象。 | |
| 606 | 0 | @a报告文学@Abao gao wen xue@y中国@z当代 |
| 606 | 0 | @a律师@Alv shi@x生平事迹@y中国@z现代 |
| 690 | @aI253.1@v5 | |
| 690 | @aK825.19=76@v5 | |
| 701 | 0 | @a邱苏滨@Aqiu su bin@4著 |
| 801 | 2 | @aCN@b上海新华@c20191020 |
| 905 | @b1134788-92@dI253.1@e1115@f5 | |
| 平民大律师/邱苏滨著.-长春:时代文艺出版社,2018 |
| 290页:图, 肖像;24cm |
| ISBN 978-7-5387-5531-2:CNY48.00 |
| 本书以中国好人、第五届全国道德模范申报者修保为主人公, 着力于挖掘主人公的精神品质, 打破写先进典型的传统套路, 用一个又一个生动而感人的生活细节, 塑造真实的主人公形象。 |
| ● |
| 相关链接 |
|
|
|
|
正题名:平民大律师
索取号:I253.1/1115
 
预约/预借
| 序号 | 登录号 | 条形码 | 馆藏地/架位号 | 状态 | 备注 |
| 1 | 1134788 | 211347880 | 第一样本阅览室/ [索取号:I253.1/1115] | 在馆 | |
| 2 | 1134789 | 211347899 | 第二借阅区/ [索取号:I253.1/1115] | 在馆 | |
| 3 | 1134790 | 211347906 | 第二借阅区/ [索取号:I253.1/1115] | 在馆 | |
| 4 | 1134791 | 211347915 | 第二借阅区/ [索取号:I253.1/1115] | 在馆 | |
| 5 | 1134792 | 211347924 | 第二借阅区/ [索取号:I253.1/1115] | 在馆 |